000 00775nam a2200229 i 4500
001 bg
245 0 0 _aMarketing terytorialny /
_cpod red. Tadeusza Markowskiego.
260 _aWarszawa :
_bKPZK PAN,
_c2002.
300 _a231 s. :
_brys. ;
_c24 cm.
490 1 _aStudia / Polska Akademia Nauk. Komitet Przestrzennego Zagospodarowania Kraju,
_x0079-3493 [i e. 0079-3507] ;
_vt. 112
504 _abibliogr. przy rozdz.
650 9 _aMarketing polityczny
700 1 _aMARKOWSKI, Tadeusz.
_eRed.
830 0 _aStudia (Polska Akademia Nauk. Komitet Przestrzennego Zagospodarowania Kraju) ;
_vt. 112
020 _a8391572099
040 _cBPK
041 0 _apl
080 _a32.019.5
920 _a83-915720-9-9
942 _cKS
008 s pl f |000 0 pol
999 _c41880
_d41880
856 _uhttp://koha.tu.koszalin.pl/cgi-bin/koha/opac-detail.pl?biblionumber=41880
_yKatalog online BPK